LIBRARY & INFORMATION CENTRE, KCAET, TAVANUR

ONLINE PUBLIC ACCESS CATALOGUE (OPAC)

Applied general statistics / (Record no. 10507)

MARC details
000 -LEADER
fixed length control field 00513cam a2200193ua 4500
041 ## - LANGUAGE CODE
Language code of text/sound track or separate title eng
082 ## - DEWEY DECIMAL CLASSIFICATION NUMBER
Classification number 519.5
Item number CRO/AP
100 ## - MAIN ENTRY--AUTHOR NAME
Personal name Croxton, Frederick E .
245 ## - TITLE STATEMENT
Title Applied general statistics /
250 ## - EDITION STATEMENT
Edition statement 2 /
260 ## - PUBLICATION, DISTRIBUTION, ETC. (IMPRINT)
Place of publication New Delhi :
Name of publisher Prentice Hall of India Pvt Ltd. ,
Year of publication 1966.
300 ## - PHYSICAL DESCRIPTION
Number of Pages 843 :
Other physical details 506 ; .
700 1# - ADDED ENTRY--PERSONAL NAME
Personal name Cowden, Dudley J .
942 ## - ADDED ENTRY ELEMENTS (KOHA)
Koha item type Books
Holdings
Withdrawn status Lost status Damaged status Home library Current library Date acquired Full call number Accession Number Koha item type
      KAUAET KAUAET 07/04/2012 519.5 CRO/AP 10881 Books
free website counter